Eastern Utah Libraries Catalog: Duchesne, Heber, Roosevelt, & Vernal

Soccer superstar / (Record no. 358705)

MARC details
000 -LEADER
fixed length control field 02701cam a22006258i 4500
001 - CONTROL NUMBER
control field 21065698
005 - DATE AND TIME OF LATEST TRANSACTION
control field 20210218134256.0
008 - FIXED-LENGTH DATA ELEMENTS--GENERAL INFORMATION
fixed length control field 190710s2020 mnu c 6 000 1 eng
010 ## - LIBRARY OF CONGRESS CONTROL NUMBER
LC control number 2019027533
020 ## - INTERNATIONAL STANDARD BOOK NUMBER
International Standard Book Number 9781496583789
Qualifying information (library binding)
020 ## - INTERNATIONAL STANDARD BOOK NUMBER
International Standard Book Number 9781496584571
Qualifying information (paperback)
020 ## - INTERNATIONAL STANDARD BOOK NUMBER
Cancelled/invalid ISBN 9781496583833
Qualifying information (pdf)
040 ## - CATALOGING SOURCE
Original cataloging agency NJQ/DLC
Language of cataloging eng
Description conventions rda
Transcribing agency DLC
042 ## - AUTHENTICATION CODE
Authentication code lcac
-- pcc
050 00 - LIBRARY OF CONGRESS CALL NUMBER
Classification number PZ7.7.M332
Item number Sm 2020
082 04 - DEWEY DECIMAL CLASSIFICATION NUMBER
Classification number 741.5/973
Edition number 23
092 ## - LOCALLY ASSIGNED DEWEY CALL NUMBER (OCLC)
Classification number junior graphic novels
Item number Maddox
100 1# - MAIN ENTRY--PERSONAL NAME
Personal name Maddox, Jake,
Relator term author.
9 (RLIN) 55532
245 10 - TITLE STATEMENT
Title Soccer superstar /
Statement of responsibility, etc Jake Maddox ; text by Brandon Terrell ; art by Mel Joy San Juan ; cover art by Berenice Muñiz.
263 ## - PROJECTED PUBLICATION DATE
Projected publication date 2001
264 #1 - Production, Publication, Distribution, Manufacture, and Copyright Notice.
Place of production, publication, distribution, manufacture North Mankato, MN :
Name of producer, publisher, distributor, manufacturer Stone Arch Books, a Capstone imprint,
Date of production, publication, distribution, manufacture, or copyr 2020.
300 ## - PHYSICAL DESCRIPTION
Extent pages cm.
336 ## - Content Type
Content type term text
336 ## - Content Type
Content type term still image
337 ## - Media type
Media type term unmediated
338 ## - Carrier type
Carrier type term volume
490 1# - SERIES STATEMENT
Series statement Jake Maddox graphic novels
520 ## - SUMMARY, ETC.
Summary, etc Thirteen-year-old Javier Moreno has just transferred to Howard Middle School, but his skill as a striker is already well known and the Bisons are expecting that he will turn their season around; but soon the fame goes to his head, and he starts hogging the ball and showing off--and it is up to his friend Aimee to remind him that soccer is a team sport.
521 1# - TARGET AUDIENCE NOTE
Target audience note Ages 8-14.
Source Stone Arch Books.
521 2# - TARGET AUDIENCE NOTE
Target audience note Grade 4 to 6.
Source Stone Arch Books.
650 #0 - SUBJECT ADDED ENTRY--TOPICAL TERM
Topical term or geographic name as entry element Soccer
Form subdivision Comic books, strips, etc.
9 (RLIN) 6372396
650 #0 - SUBJECT ADDED ENTRY--TOPICAL TERM
Topical term or geographic name as entry element Soccer stories.
9 (RLIN) 98026
650 #0 - SUBJECT ADDED ENTRY--TOPICAL TERM
Topical term or geographic name as entry element Teamwork (Sports)
Form subdivision Comic books, strips, etc.
9 (RLIN) 6372397
650 #0 - SUBJECT ADDED ENTRY--TOPICAL TERM
Topical term or geographic name as entry element Teamwork (Sports)
Form subdivision Juvenile fiction.
9 (RLIN) 6406266
650 #0 - SUBJECT ADDED ENTRY--TOPICAL TERM
Topical term or geographic name as entry element Selfishness
Form subdivision Comic books, strips, etc.
9 (RLIN) 6394170
650 #0 - SUBJECT ADDED ENTRY--TOPICAL TERM
Topical term or geographic name as entry element Selfishness
Form subdivision Juvenile fiction.
9 (RLIN) 5739953
650 #0 - SUBJECT ADDED ENTRY--TOPICAL TERM
Topical term or geographic name as entry element Best friends
Form subdivision Comic books, strips, etc.
9 (RLIN) 5675560
650 #0 - SUBJECT ADDED ENTRY--TOPICAL TERM
Topical term or geographic name as entry element Best friends
Form subdivision Juvenile fiction.
9 (RLIN) 5673646
650 #0 - SUBJECT ADDED ENTRY--TOPICAL TERM
Topical term or geographic name as entry element Graphic novels.
9 (RLIN) 6406267
650 #1 - SUBJECT ADDED ENTRY--TOPICAL TERM
Topical term or geographic name as entry element Graphic novels.
9 (RLIN) 6406267
650 #1 - SUBJECT ADDED ENTRY--TOPICAL TERM
Topical term or geographic name as entry element Soccer
Form subdivision Fiction.
9 (RLIN) 5688139
650 #1 - SUBJECT ADDED ENTRY--TOPICAL TERM
Topical term or geographic name as entry element Teamwork (Sports)
Form subdivision Fiction.
9 (RLIN) 6406268
650 #1 - SUBJECT ADDED ENTRY--TOPICAL TERM
Topical term or geographic name as entry element Best friends
Form subdivision Fiction.
9 (RLIN) 5675106
650 #1 - SUBJECT ADDED ENTRY--TOPICAL TERM
Topical term or geographic name as entry element Friendship
Form subdivision Fiction.
9 (RLIN) 5673769
650 #1 - SUBJECT ADDED ENTRY--TOPICAL TERM
Topical term or geographic name as entry element Mexican Americans
Form subdivision Fiction.
9 (RLIN) 5685155
655 #7 - INDEX TERM--GENRE/FORM
Genre/form data or focus term Graphic novels.
Source of term lcgft
9 (RLIN) 6406269
655 #7 - INDEX TERM--GENRE/FORM
Genre/form data or focus term Sports fiction.
Source of term lcgft
9 (RLIN) 5744746
700 1# - ADDED ENTRY--PERSONAL NAME
Personal name Terrell, Brandon,
Dates associated with a name 1978-
Relator term author.
9 (RLIN) 5733530
700 1# - ADDED ENTRY--PERSONAL NAME
Personal name San Juan, Mel Joy,
Relator term illustrator.
9 (RLIN) 6406270
700 1# - ADDED ENTRY--PERSONAL NAME
Personal name Muñiz, Berenice,
Relator term artist.
9 (RLIN) 6350474
830 #0 - SERIES ADDED ENTRY--UNIFORM TITLE
Uniform title Jake Maddox graphic novels.
9 (RLIN) 5739143
906 ## - LOCAL DATA ELEMENT F, LDF (RLIN)
a 7
b cbc
c orignew
d 1
e ecip
f 20
g y-gencatlg
942 ## - ADDED ENTRY ELEMENTS (KOHA)
Source of classification or shelving scheme Dewey Decimal Classification
Koha item type BOOK
Holdings
Withdrawn status Lost status Source of classification or shelving scheme Damaged status Not for loan Collection code Home library Current library Shelving location Date acquired Source of acquisition Total Checkouts Total Renewals Full call number Barcode Date last seen Date checked out Cost, replacement price Price effective from Koha item type
    Dewey Decimal Classification     Junior Graphic Novels Wasatch County Library Wasatch County Library First Floor 02/18/2021 Rainbow Books 31 26 J GN Maddox 34301001669557 02/25/2026 10/01/2025 19.99 02/18/2021 BOOK
This project was made possible through a grant from the Institute of Museum and Library Service administered by the Utah State Library Division.

Wasatch County Library

  • 465 East 1200 South, Heber City, Utah 84032
  • Phone 435-654-1511 | Fax 435-654-6456

Hours

  • Monday - Friday 9:30 AM - 8:00 PM
  • Saturday 9:30 AM - 1:30 PM
  • Closed Sundays and Holidays